000 00536cas a22001815a 4500
001 L138639
008 070628d19501988xxkqr p 0 a0eng u
035 _a(Sirsi) u138639
041 0 _aeng
110 2 _aFaculty of Architects and Surveyors
_9394
245 0 0 _aPortico
260 _aLondon
_bFaculty of Architects and Surveyors
_c1950-1988
362 0 _a72(2) June 1967-79(8) December 1974
554 _aFour per year
651 4 _aUnited Kingdom
_y
690 _aMANAGEMENT-BUSINESS MANAGEMENT-PROFESSIONAL PRACTICE
942 _n0
999 _c119007
_d119007